LANDSCAPE PLANNING FOR ENERGY CONSERVATION. (Record no. 855733)

MARC details
000 -LEADER
fixed length control field 00295nam a2200109Ia 4500
008 - FIXED-LENGTH DATA ELEMENTS--GENERAL INFORMATION
fixed length control field 230822s1999 xx 000 0 und d
041 ## - LANGUAGE CODE
Language code of text/sound track or separate title eng
100 ## - MAIN ENTRY--PERSONAL NAME
Personal name ROBINETTE G.
245 ## - TITLE STATEMENT
Title LANDSCAPE PLANNING FOR ENERGY CONSERVATION.
260 ## - PUBLICATION, DISTRIBUTION, ETC.
Name of publisher, distributor, etc. VAN NOSTRAND REINHOLD COMPANY LTD
Date of publication, distribution, etc. 1999
300 ## - PHYSICAL DESCRIPTION
Extent 224

No items available.